000 00589nam a2200229Ia 4500
003 OSt
005 20221007065316.0
006 a|||||r|||| 00| 0
007 ta
008 221006b |||||||| |||| 00| 0 eng d
024 _a6,835
037 _cTextual
040 _aFLL
_cFLL
_beng
041 _2eng
_aeng
082 _a2:2, M7
100 _aKumar Krishan Au.
_9686834
245 0 _aLibrary organization
260 _aDelhi
_bVikas pub. house ltd. India
_c1987
300 _a278p
_ccm.
942 _h2:2, M7
_cTEXL
_2CC
999 _c1136942
_d1136942